Statistics for Many Many Mona Lisas

Click here to take the quiz!

General Stats

  • This quiz has been taken 18 times
  • The average score is 7 of 16

Answer Stats

Answer% Correct
Andy Warhol
94%
Leonardo da Vinci
81%
Salvador Dali
81%
Pablo Picasso
75%
Edvard Munch
69%
Michelangelo
69%
Vincent van Gogh
63%
Johannes Vermeer
50%
Sandro Botticelli
44%
Claude Monet
38%
Gustav Klimt
19%
Banksy
13%
Jackson Pollock
13%
Pierre-Auguste Renoir
13%
Rembrandt
6%
Wassily Kandinsky
6%

Score Distribution

Percentile by Number Answered

Percent of People with Each Score

Your Score History

You have not taken this quiz